| 000 -LEADER |
| fixed length control field |
00587cam a22001814a 4500 |
| 020 ## - INTERNATIONAL STANDARD BOOK NUMBER |
| ISBN |
0972705546 (pbk.) |
| 040 ## - CATALOGING SOURCE |
| Transcribing agency |
DLC |
| 082 ## - DEWEY DECIMAL CLASSIFICATION NUMBER |
| Classification number |
515 SKY 2005 A062 Or. |
| 245 00 - TITLE STATEMENT |
| Title |
800 questions in calculus : |
| Remainder of title |
from Continental Mathematics League contests, 1981-2005. |
| 246 3# - VARYING FORM OF TITLE |
| Title proper/short title |
Eight hundred questions in calculus |
| 246 0# - VARYING FORM OF TITLE |
| Title proper/short title |
25 years of Continental Mathematics League contests |
| 260 ## - PUBLICATION, DISTRIBUTION, ETC. (IMPRINT) |
| Place of publication |
Andover, Mass. : |
| Name of publisher |
Skylight Pub., |
| Year of publication |
c2005. |
| 300 ## - PHYSICAL DESCRIPTION |
| Number of Pages |
175 p. : |
| Other physical details |
ill. ; |
| Dimensions |
28 cm. |
| 650 #0 - SUBJECT ADDED ENTRY--TOPICAL TERM |
| Topical Term |
Calculus |
| 650 #0 - SUBJECT ADDED ENTRY--TOPICAL TERM |
| Topical Term |
Mathematics |
| 710 2# - ADDED ENTRY--CORPORATE NAME |
| Corporate name or jurisdiction name as entry element |
Continental Mathematics League. |
| 942 ## - ADDED ENTRY ELEMENTS (KOHA) |
| Koha item type |
សៀវភៅភាសាអង់គ្លេស |
| 952 ## - LOCATION AND ITEM INFORMATION (KOHA) |
| Withdrawn status [LOCAL, KOHA] |
0 |